00411nam a2200145Ia 4500008004100000020001000041040001700051041001200068082002100080100002500101245003200126260004100158300001700199500004900216230917s9999||||xx |||||||||||||| ||und|| cUSD90 e221839aMAIN aEnglish a362.716 D853H(2) aDubois, David L, ed. 0aHandbook of youth mentoring aLos AngelesbSage Publicationsc2014 axiii, 581 p. a1766 05/01/2015 KB440 16/01/2015 Main Budget